The Four Million (Record no. 232108)
[ view plain ]
| 000 -LEADER | |
|---|---|
| fixed length control field | 01317cam a22002533a 4500 |
| 001 - CONTROL NUMBER | |
| control field | 2776 |
| 003 - CONTROL NUMBER IDENTIFIER | |
| control field | PGUSA |
| 005 - DATE AND TIME OF LATEST TRANSACTION | |
| control field | 20140828083021.0 |
| 008 - FIXED-LENGTH DATA ELEMENTS--GENERAL INFORMATION | |
| fixed length control field | 010801s2001||||xxu|||||s|||||000 1 eng d |
| 040 ## - CATALOGING SOURCE | |
| Original cataloging agency | PGUSA |
| Language of cataloging | eng |
| 042 ## - AUTHENTICATION CODE | |
| Authentication code | dc |
| 050 #4 - LIBRARY OF CONGRESS CALL NUMBER | |
| Classification number | PS |
| 100 1# - MAIN ENTRY--PERSONAL NAME | |
| Personal name | Henry, O., |
| Dates associated with a name | 1862-1910 |
| 245 14 - TITLE STATEMENT | |
| Title | The Four Million |
| Medium | [electronic resource] / |
| Statement of responsibility, etc | O. Henry |
| 260 ## - PUBLICATION, DISTRIBUTION, ETC. (IMPRINT) | |
| Name of publisher, distributor, etc | Project Gutenberg, |
| Date of publication, distribution, etc | 2001 |
| 505 0# - FORMATTED CONTENTS NOTE | |
| Formatted contents note | Tobin's palm -- The gift of the magi -- A cosmopolite in a café -- Between rounds -- The skylight room -- A service of love -- The coming-out of Maggie -- Man about town -- The cop and the anthem -- An adjustment of nature -- Memoirs of a yellow dog -- The love-philtre of Ikey Schoenstein -- Mammon and the archer -- Springtime à la carte -- The green door -- From the cabby's seat -- An unfinished story -- The caliph, Cupid and the clock -- Sisters of the golden circle -- The romance of a busy broker -- After twenty years -- Lost on dress parade -- By courier -- The furnished room -- The brief début of Tildy. |
| 506 ## - RESTRICTIONS ON ACCESS NOTE | |
| Terms governing access | Public domain in the USA. |
| 516 ## - TYPE OF COMPUTER FILE OR DATA NOTE | |
| Type of computer file or data note | Electronic text |
| 653 ## - INDEX TERM--UNCONTROLLED | |
| Uncontrolled term | New York (N.Y.) -- Social life and customs -- Fiction |
| 653 ## - INDEX TERM--UNCONTROLLED | |
| Uncontrolled term | Short stories, American |
| 830 #0 - SERIES ADDED ENTRY--UNIFORM TITLE | |
| Uniform title | Project Gutenberg |
| Volume number/sequential designation | 2776 |
| 856 40 - ELECTRONIC LOCATION AND ACCESS | |
| Uniform Resource Identifier | <a href="http://www.gutenberg.org/ebooks/2776">http://www.gutenberg.org/ebooks/2776</a> |
| 942 ## - ADDED ENTRY ELEMENTS (KOHA) | |
| Koha item type | eBooks |
| Withdrawn status | Lost status | Damaged status | Home library | Current library | Date acquired | Total Checkouts | Date last seen | Price effective from | Koha item type |
|---|---|---|---|---|---|---|---|---|---|
| Project Gutenberg | Project Gutenberg | 08/28/2014 | 08/28/2014 | 08/28/2014 | eBooks |